000 00755nam a2200241 4500
001 44502
003 BD-RjUL
005 20211209053853.0
008 160925s1956 gw |||| |||| 00| 0 eng d
020 _c: Tk. 140.00
035 _a(BD-RjUL)44620
040 _aBD-RjUL
_beng
_cBD-RjUL
_dBD-RjUL
041 _aeng
082 _223
_a510
_bOSA 1956
100 1 _aOstmann, Hans Heinrich
_9136577
245 1 0 _aAdditive Zahlentheorie /
_cHans Heinrich Ostmann
260 _aBerlin :
_bSpringer,
_c©1956.
300 _a135 p. ;
_c24 cm
490 _aErgebnisse der Mathematik und ihrer Grenzgebiete ;
_vBd. 7, 11.
650 _aMathematics
_9157550
830 _aErgebnisse der Mathematik und ihrer Grenzgebiete ;
_vBd. 7, 11.
_9157552
942 _2ddc
_cBK
999 _c44502
_d44502